| 000 | 00751cam a22002412 4500 | ||
|---|---|---|---|
| 001 | 0000021158 | ||
| 005 | 20151217155231.0 | ||
| 008 | 120131s xx 000 0 eng d | ||
| 020 | _a0072555920 | ||
| 040 |
_aKABU _cKABU |
||
| 050 | 0 |
_aHG4026 _b.R67 2002 |
|
| 100 | 1 |
_aRoss, Stephen A. _@0000152585 |
|
| 245 | 1 | 0 |
_aCorporate finance / _cStephen A. Ross,Randolph W. Westerfield, Jeffrey Jaffe. |
| 250 | _a6th ed. | ||
| 260 |
_aBoston : _bIrwin/McGraw-Hill, _c2002. |
||
| 300 | _axxxiv, 1105. | ||
| 650 | 0 |
_aCorporations _xFinance. _@0000007704 |
|
| 700 | 1 |
_aWesterfield, Randolph W. _@0000152586 |
|
| 700 | 1 |
_aJaffe, Jeffrey. _@0000181889 |
|
| 852 | 1 | _9p3,000 KES | |
| 908 | _a120131 | ||
| 950 | _@1 | ||
| 999 |
_c12170 _d12170 |
||